|
|
|
|
| LEADER |
00000nam0a2200000 4500 |
| 001 |
97392 |
| 005 |
20231101214127.0 |
| 020 |
|
|
|a RU
|b 83-69167
|
| 035 |
|
|
|a (RuTPU)RU\TPU\book\104406
|
| 090 |
|
|
|a 97392
|
| 100 |
|
|
|a 20060529d1983 km y0rusy5003 ca
|
| 101 |
0 |
|
|a rus
|
| 102 |
|
|
|a RU
|
| 105 |
|
|
|a a z 001zy
|
| 200 |
1 |
|
|a Автоматическое регулирование и управление в энергосистемах
|e сборник научных трудов
|f Всесоюзный электротехнический институт (ВЭИ); под ред. В. Д. Ковалева
|
| 210 |
|
|
|a Москва
|c Энергоатомиздат
|d 1983
|
| 215 |
|
|
|a 94 с.
|c ил.
|
| 610 |
1 |
|
|a энергетические системы
|
| 610 |
1 |
|
|a автоматизированные системы планирования и управления
|
| 610 |
1 |
|
|a автоматическое регулирование
|
| 610 |
1 |
|
|a гидроэлектростанции
|
| 610 |
1 |
|
|a постоянный ток
|
| 610 |
1 |
|
|a преобразователи
|
| 610 |
1 |
|
|a противоаварийная автоматика
|
| 675 |
|
|
|a 621.311:658
|z rus
|
| 702 |
|
1 |
|a Ковалев
|b В. Д.
|4 340
|
| 712 |
0 |
2 |
|a Всесоюзный электротехнический институт (ВЭИ)
|2 stltpush
|3 (RuTPU)RU\TPU\col\6141
|9 24218
|
| 801 |
|
0 |
|a RU
|b RuMRKP
|c 19950704
|g psbo
|
| 801 |
|
1 |
|a RU
|b 63413507
|c 20060529
|g PSBO
|
| 801 |
|
2 |
|a RU
|b 63413507
|c 20071002
|g PSBO
|
| 942 |
|
|
|c BK
|